000
00297nam a22001337a 4500
008
170505b xxu||||| |||| 00| 0 eng d
020
_a
9780735594425
041
_a
eng
080
_2
8 ED
_a
34
100
_a
14
101
_a
shj
245
_a
ECONOMIC LAW ANALYSIS
_c
KLUWER.W
942
_2
udc
_c
BK
999
_c
12810
_d
12810